El hijo del diablo / (Record no. 54134)

MARC details
000 -LEADER
campo de control de longitud fija 00696nam a22002055i 4500
001 - NÚMERO DE CONTROL
campo de control 54134
003 - IDENTIFICADOR DE NÚMERO DE CONTROL
campo de control ES-MaACL
005 - FECHA Y HORA DE LA ÚLTIMA TRANSACCIÓN
campo de control 20240518063026.0
007 - CAMPO FIJO DE DESCRIPCIÓN FÍSICA--INFORMACIÓN GENERAL
campo de control de longitud fija t|
008 - DATOS DE LONGITUD FIJA--INFORMACIÓN GENERAL
campo de control de longitud fija 960715s1847 sp a ||||1| spa d
040 ## - FUENTE DE CATALOGACIÓN
Centro catalogador/agencia de origen CAM
Lengua de catalogación spa
Centro/agencia transcriptor CAM
100 0# - ENTRADA PRINCIPAL--NOMBRE DE PERSONA
Nombre de persona Féval, Paul,
Fechas asociadas al nombre 1816-1887
9 (RLIN) 50646
245 13 - MENCIÓN DEL TÍTULO
Título El hijo del diablo /
Mención de responsabilidad, etc. por Pablo Feval; traducción de Victor Balaguer y Francisco J. Orellana.
260 ## - PUBLICACIÓN, DISTRIBUCIÓN, ETC.
Lugar de publicación, distribución, etc. Barcelona :
Nombre del editor, distribuidor, etc. Imprenta y librería de la señora viuda e hijos de Mayol,
Fecha de publicación, distribución, etc. 1847.
300 ## - DESCRIPCIÓN FÍSICA
Extensión 4 v. ;
Dimensiones 17 cm.
700 1# - ENTRADA AGREGADA--NOMBRE PERSONAL
Nombre de persona Balaguer, Víctor,
Fechas asociadas al nombre 1824-1901
9 (RLIN) 24806
700 1# - ENTRADA AGREGADA--NOMBRE PERSONAL
Nombre de persona Orellana, Francisco José.
9 (RLIN) 130679
852 ## - LOCALIZACIÓN
Ubicación ES-MaACL
Número de control de estantería D-2744-7
Holdings
Estatus retirado Estado de pérdida Estado de daño No para préstamo Colección Biblioteca de origen Biblioteca actual Ubicación en estantería Fecha de adquisición Fuente de adquisición Total de préstamos Signatura topográfica completa Código de barras Visto por última vez Precio de reemplazo Tipo de ítem Koha
        Libros del s. XIX Biblioteca del Ateneo de Madrid Biblioteca del Ateneo de Madrid Sala Valle Inclán 17/01/2008     D-2744-7 901056891 23/02/2023 23/02/2023 Libro impreso antiguo